Statistics for Periodic Table 21-40

Click here to take the quiz!

General Stats

  • This quiz has been taken 489 times
  • The average score is 14 of 20

Answer Stats

HintAnswer% Correct
21Scandium
89%
22Titanium
83%
23Vanadium
81%
30Zinc
81%
26Iron
80%
29Copper
79%
27Cobalt
77%
24Chromium
75%
25Manganese
75%
28Nickel
73%
31Gallium
68%
32Germanium
66%
33Arsenic
65%
36Krypton
65%
35Bromine
64%
34Selenium
59%
39Yttrium
57%
37Rubidium
54%
38Strontium
53%
40Zirconium
51%

Score Distribution

Percentile by Number Answered

Percent of People with Each Score

Your Score History

You have not taken this quiz